000 00885cam a22002898a 4500
001 16073022
003 OSt
005 20150408114146.0
008 100128s2010 enk 000 0 eng
010 _a 2010003817
020 _a9780415576932 (pbk)
040 _aDLC
_cDLC
050 0 0 _aQP303
_b.R686 2010
082 0 0 _a610.284
_222
_bROH
245 0 0 _aRoutledge handbook of biomechanics and human movement science /
_cedited by Youlian Hong and Roger Bartlett.
250 _a2nd ed.
260 _aAbingdon, Oxon, England ;
_aNew York :
_bRoutledge,
_cc2010.
263 _a1007
300 _ap. cm.
650 0 _aBiomechanics.
650 0 _aHuman mechanics.
_910178
700 1 _aHong, Youlian,
_d1946-
_938687
700 1 _aBartlett, Roger.
_938688
906 _a7
_bcbc
_corignew
_d1
_eecip
_f20
_gy-gencatlg
942 _2ddc
_cBOOK
999 _c31614
_d266114